Vylúčenie zamestnancov alebo členov správneho orgánu

Príspevok sa zaoberá predpojatosťou a vylúčením zamestnancov, resp. členov správneho orgánu v správnom konaní, pričom uvádza tiež praktické príklady a súvisiace upozornenia.

Salvato in:
Dettagli Bibliografici
Autore principale: Hrtánek, Ladislav
Natura: Capitolo di libro
Lingua:slovacco
Soggetti:
Tags: Aggiungi Tag
Nessun Tag, puoi essere il primo ad aggiungerne!!

MARC

LEADER 00000naa a2200000 4500
001 0291002
005 20240417075226.1
041 0 |a slo 
044 |a SK 
245 1 0 |a Vylúčenie zamestnancov alebo členov správneho orgánu  |c Ladislav Hrtánek 
520 |a Príspevok sa zaoberá predpojatosťou a vylúčením zamestnancov, resp. členov správneho orgánu v správnom konaní, pričom uvádza tiež praktické príklady a súvisiace upozornenia. 
610 2 0 |a správa verejná 
610 2 0 |a konanie správne 
610 2 0 |a poriadok správny 
610 2 0 |a úrady 
610 2 0 |a zamestnanci 
100 1 |a Hrtánek, Ladislav